000 00678nam a2200241Ia 4500
003 OSt
005 20220924115808.0
006 a|||||r|||| 00| 0
007 ta
008 220923b |||||||| |||| 00| 0 urd d
024 _a285874
037 _cTextual
040 _aARTS
_cARTS
_burd
041 _2urd
_aurd
082 _aO168,1M76:gw, P6
100 _aAhmed Mushtaque
_9179614
245 0 _aIqbaliyat ki wazahati kitabyat
_b Research
260 _aDelhi
_bEducational Publishing House India
_c2006
300 _a176p.
_ccm.
650 _aURDU POETRY
942 _hO168,1M76:gw, P6
_cTEXL
_2CC
999 _c399922
_d399922